Behavioural Changes and Victimixation of Adolescence in Contemporary Society (Record no. 211915)

MARC details
000 -LEADER
fixed length control field 00639nam a22002057a 4500
005 - DATE AND TIME OF LATEST TRANSACTION
control field 20251215162810.0
010 ## - LCCN (DPL NO)
LC control number ENG-145432 ENG-147301
020 ## - INTERNATIONAL STANDARD BOOK NUMBER
International Standard Book Number 9789361632679
Terms of availability 420.00
035 ## - SYSTEM CONTROL NUMBER
System control number EN-128964
035 ## - SYSTEM CONTROL NUMBER
System control number EN-130833
037 ## - SOURCE OF ACQUISITION
Source of stock number/acquisition DBAD
082 ## - DEWEY DECIMAL CLASSIFICATION NUMBER
Classification number 303.484
Edition number 2
245 ## - TITLE STATEMENT
Title Behavioural Changes and Victimixation of Adolescence in Contemporary Society
Statement of responsibility, etc Edited by R. Shivakumar
250 ## - EDITION STATEMENT
Edition statement 2
260 ## - PUBLICATION, DISTRIBUTION, ETC. (IMPRINT)
Place of publication, distribution, etc Tamil Nadu
Name of publisher, distributor, etc Shanlax Publication
270 ## - ADDRESS
Address Vasant Nagar, Madurai
City Tamil Nadu
Postal code 625003
300 ## - PHYSICAL DESCRIPTION
Extent 283p.
Dimensions 22cm.(Pb)
700 ## - ADDED ENTRY--PERSONAL NAME
Personal name R. Shivakumar
9 (RLIN) 82272
942 ## - ADDED ENTRY ELEMENTS (KOHA)
Source of classification or shelving scheme Dewey Decimal Classification
Item type English Books
Classification part 303.484
Call number suffix BEH
Edition 2
Holdings
Withdrawn status Lost status Not for loan Collection code Home library Current library Date acquired Source of acquisition Cost, normal purchase price Full call number Barcode Copy number Cost, replacement price Koha item type
      Non-fiction Ashok Vihar Ashok Vihar 24/06/2025 DBAD 420.00 303.484 BEH EN-128964 1 420.00 English Books
    Not For Loan Non-fiction Bawana Bawana 15/12/2025 Delivery of Books Act Division 420.00 303.484 BEH EN-130833 1 420.00 English Books

© Delhi Public Library
Hit Counter
free hit counter